Sports Quiz

Random Sports or Soccer Quiz
Score 0/100 Timer 10:00
0 Plays Today
Team Name % Correct
JuventusCristiano Ronaldo
100%
Real MadridLuka Modric
98.8%
FC BarcelonaLionel Messi
98.8%
Paris Saint-GermainKylian Mbappe
97.5%
Tottenham HotspurHarry Kane
91.3%
Paris Saint-GermainNeymar
90%
ChelseaEden Hazard
88.8%
Manchester CitySergio Aguero
87.5%
Real MadridSergio Ramos
87.5%
Atletico MadridAntoine Griezmann
85%
LiverpoolRoberto Firmino
85%
ChelseaN'Golo Kante
83.8%
Manchester UnitedPaul Pogba
83.8%
LiverpoolMohammad Salah
82.5%
Real MadridRaphael Varane
82.5%
FC BarcelonaLuis Suarez
82.5%
Manchester CityDavid Silva
81.3%
Manchester CityBernardo Silva
81.3%
Paris Saint-GermainThiago Silva
80%
Real MadridMarcelo
78.8%
Real MadridToni Kroos
78.8%
Paris Saint-GermainEdinson Cavani
77.5%
Atletico MadridJan Oblak
77.5%
Bayern MunichRobert Lewandowski
73.8%
Manchester CityRaheem Sterling
73.8%
Manchester CityKevin De Bruyne
72.5%
LiverpoolVirgil Van Dijk
72.5%
Atletico MadridDiego Godin
72.5%
Tottenham HotspurHugo Lloris
72.5%
Real MadridKarim Benzema
72.5%
Tottenham HotspurChristian Eriksen
71.3%
FC BarcelonaIvan Rakitic
70%
Real MadridGareth Bale
70%
LiverpoolAlisson
70%
Team Name % Correct
Manchester UnitedDavid De Gea
68.8%
Real MadridCasemiro
68.8%
FC BarcelonaSergio Busquets
68.8%
Manchester CityEderson
68.8%
FC BarcelonaGerard Pique
68.8%
Real MadridThibaut Courtois
67.5%
Manchester UnitedRomelu Lukaku
67.5%
Atletico MadridDiego Costa
67.5%
JuventusPaulo Dybala
66.3%
Borussia DortmundMarco Reus
66.3%
Real MadridIsco
63.8%
Real MadridKeylor Navas
63.8%
Tottenham HotspurDele Alli
62.5%
ArsenalPierre-Emerick Aubameyang
62.5%
Manchester CityLeroy Sane
62.5%
NapoliDries Mertens
61.3%
Manchester CityGabriel Jesus
61.3%
MilanGonzalo Higuain
61.3%
NapoliLorenzo Insigne
60%
FC BarcelonaSamuel Umtiti
58.8%
FC BareclonaMarc-Andre ter Stegen
58.8%
Paris Saint-GermainGianluigi Buffon
58.8%
JuventusLeonardo Bonucci
57.5%
Manchester CityFernandinho
56.3%
FC BarcelonaPhilippe Coutinho
55%
InternazionaleMauro Icardi
55%
RomaEdin Dzeko
55%
NapoliKalidou Koulibaly
53.8%
LiverpoolSane
52.5%
EvertonJordan Pickford
52.5%
JuventusMario Mandzukic
50%
FC BarcelonaJordi Alba
50%
JuventusMiralem Pjanic
48.8%
ArsenalMesut Ozil
48.8%
Team Name % Correct
LazioCiro Immobile
46.3%
Bayern MunichJoshua Kimmich
43.8%
LyonMemphis Depay
43.8%
AjaxFrenkie de Jong
43.8%
ChelseaJorginho
38.8%
Manchester CityKyle Walker
38.8%
Manchester CityJohn Stones
38.8%
AjaxMatthijs de Ligt
38.8%
InternazionaleIvan Perisic
37.5%
JuventusBlaise Matuidi
37.5%
Real MadridMarco Asensio
37.5%
Leichester CityHarry Maguire
37.5%
StuttgartBenjamin Pavard
36.3%
ChelseaWillian
36.3%
ChelseaOlivier Giroud
36.3%
Atletico MadridJose Maria Gimenez
35%
LiverpoolJames Milner
32.5%
Tottenham HotspurKieran Trippier
31.3%
Atletico MadridLucas Hernandez
30%
Eintracht FrankfurtAnte Rebic
27.5%
ChelseaMarcos Alonso
26.3%
Atletico MadridSaul Niguez
25%
Borussia DortmundAxel Witsel
25%
LyonNabil Fekir
23.8%
PSV EindhovenHirving Lozano
23.8%
Paris Saint-GermainThomas Meunier
22.5%
ArsenalLucas Torreira
22.5%
River PlateGonzalo Martinez
22.5%
Bayern MunichJames Rodriguez
21.3%
Tottenham HotspurSon Heung-Min
20%
ValenciaDenis Cheryshev
1.3%
JuventusGiorgio Chielleni
0%
Remove Ads.
Support Sporcle.
Get the best of Sporcle when you Go Orange. This ad-free experience offers more features, more stats, and more fun while also helping to support Sporcle. Thank you for becoming a member.

You're not logged in!

Compare scores with friends on all Sporcle quizzes.
OR
Log In

Show Comments

Extras

Top Quizzes Today


Score Distribution

Your Account Isn't Verified!

In order to create a playlist on Sporcle, you need to verify the email address you used during registration. Go to your Sporcle Settings to finish the process.

Report this User

Report this user for behavior that violates our Community Guidelines.

Details: